Bounding a matching estimator: the case of a Norwegion training program (Record no. 48889)

000 -LEADER
fixed length control field 00398pab a2200145 454500
008 - FIXED-LENGTH DATA ELEMENTS--GENERAL INFORMATION
fixed length control field 180718b2001 xxu||||| |||| 00| 0 eng d
100 ## - MAIN ENTRY--PERSONAL NAME
Personal name Aakvik, Arild
245 ## - TITLE STATEMENT
Title Bounding a matching estimator: the case of a Norwegion training program
260 ## - PUBLICATION, DISTRIBUTION, ETC.
Date of publication, distribution, etc. 2001
300 ## - PHYSICAL DESCRIPTION
Extent p.115-43
362 ## - DATES OF PUBLICATION AND/OR SEQUENTIAL DESIGNATION
Dates of publication and/or sequential designation Feb
650 ## - SUBJECT ADDED ENTRY--TOPICAL TERM
Topical term or geographic name entry element Training
773 ## - HOST ITEM ENTRY
Main entry heading Oxford Bulletin of Economics and Statistics
909 ## -
-- 48889
Holdings
Withdrawn status Lost status Damaged status Not for loan Permanent Location Current Location Date acquired Serial Enumeration / chronology Barcode Date last seen Price effective from Koha item type
        Indian Institute of Public Administration Indian Institute of Public Administration 2018-07-19 Volume no: 63, Issue no: 1 AR49317 2018-07-19 2018-07-19 Articles

Powered by Koha